« Retourner aux résultats de recherche
Diane a les épaules
| Auteur principal: | Fabien Gorgeart |
|---|---|
| D'autres auteurs: | Clotilde Hesme Fabrizio Rongione Thomas Suire Gregory Montel Alice Butaud Olivier Rabourdin |
| Support: | DVD |
| Langue: | Francais |
| Genre: |
Film |
| Sujets: | |
| Étiquettes: |
Ajouter
Pas de Tags !
|
| LEADER | 01136ngm0a2200253 450 | ||
|---|---|---|---|
| 001 | 16845586 | ||
| 100 | |a 20180208d2018 u u0frey01 ba | ||
| 101 | 0 | |a fre | |
| 102 | |a FR | ||
| 200 | 0 | |a Diane a les épaules |f Fabien Gorgeart, réal. |g Fabien Gorgeart, scénario - Clotilde Hesme, Fabrizio Rongione, Thomas Suire, Gregory Montel, Alice Butaud, Olivier Rabourdin, ... [et al.] act. | |
| 207 | 1 | |a | |
| 215 | |a 1 DVD vidéo monoface zone 2 (1 h 27 min) |c 16/9, coul. (PAL), son. (Dolby digital 5.1) | ||
| 300 | |a Langues principales : français; | ||
| 330 | |a Sans hésiter, Diane a accepté de porter l'enfant de Thomas et Jacques, ses meilleurs amis. C'est dans ces circonstances, pas vraiment idéales, qu'elle tombe amoureuse de Fabrizio. | ||
| 700 | 0 | |a Gorgeart |b Fabien |4 300 | |
| 702 | 0 | |a Hesme |b Clotilde |4 5 | |
| 702 | 0 | |a Rongione |b Fabrizio |4 5 | |
| 702 | 0 | |a Suire |b Thomas |4 5 | |
| 702 | 0 | |a Montel |b Gregory |4 5 | |
| 702 | 0 | |a Butaud |b Alice |4 5 | |
| 702 | 0 | |a Rabourdin |b Olivier |4 5 | |
| 900 | |a Film | ||
| 901 | |a Accessible au prêt | ||
| 995 | |a Bibliothèque |c Bibliothèque |f 00156010857704 |h 00156010857704 |k F GOR |o p |q a |r gd |e Bibliothèque | ||
